Ejercicios espirituales de San Igancio : concordancia y vocabulario /

Salvato in:
Dettagli Bibliografici
Altri autori: García de Alba, Juan Manuel (presentación) (presentación)
Natura: Libro
Lingua:spagnolo
Soggetti:
Tags: Aggiungi Tag
Nessun Tag, puoi essere il primo ad aggiungerne!!

MARC

LEADER 00000nam^a2200000^a^4500
001 000166796
005 20250521000000.0
009 20260526125438.979
037 |a Acervo ITESO - Biblioteca 
041 |a ESP 
082 |a 255. 53003  |b EJE 
245 1 0 |a Ejercicios espirituales de San Igancio :  |b concordancia y vocabulario /  |c Presen. de J.M. García de Alba. 
264 |a Guadalajara, México :  |b ITESO :  |b Centro Ignaciano de Espiritualidad,  |c 1995 
300 |a 221 p. 
336 |a texto  |b txt  |2 rdacontenido 
337 |a sin mediación  |b n  |2 rdamedio 
338 |a volumen  |b nc  |2 rdasoporte 
649 |a XX 
650 |a Ejercicios Ignacianos -  |x Enciclopedias y Diccionarios 
650 |a Ejercicios Espirituales -  |x Enciclopedias y Diccionarios 
650 |a Jesuitas 
650 |a Monasticismo y Ordenes Religiosas 
650 |a Iglesia Católica 
650 |a Catolicismo 
650 |a Cristianismo 
650 |a Religión 
650 |a Enciclopedias y Diccionarios 
700 |a García de Alba, Juan Manuel  |e (presentación) 
910 |a Fondo General 
920 |a Impresos - Libros 
930 |a Obras de Referencia 
905 |a 102 
901 |a 0500102708  |b IT2  |c REF  |u 20250521 
902 |a https://opac.biblio.iteso.mx/vufind/Record/000166796